000 00672nam a2200229Ia 4500
003 OSt
005 20220928123952.0
006 a|||||r|||| 00| 0
007 ta
008 220927b |||||||| |||| 00| 0 eng d
024 _a44436
037 _cTextual
040 _aSDCL
_cSDCL
_beng
041 _2eng
_aeng
082 _aG9 X:(F55), P8
100 _aKhanal Samir Kumar
_9462790
245 0 _aAnaerobic biotechnology for bioenergy production
_b Principles and applications.
260 _aOxford
_bWilley-Blackwell
_c2008
300 _axv,300p.
_ccm.
942 _hG9 X:(F55), P8
_cTEXL
_2CC
999 _c775755
_d775755